Governing Uganda (Record no. 7847)

MARC details
000 -LEADER
fixed length control field 00495nam a22001817a 4500
003 - CONTROL NUMBER IDENTIFIER
control field OSt
005 - DATE AND TIME OF LATEST TRANSACTION
control field 20220324171605.0
008 - FIXED-LENGTH DATA ELEMENTS--GENERAL INFORMATION
fixed length control field 220324b ||||| |||| 00| 0 eng d
020 ## - INTERNATIONAL STANDARD BOOK NUMBER
International Standard Book Number 9970023942
040 ## - CATALOGING SOURCE
Transcribing agency DDC
082 ## - DEWEY DECIMAL CLASSIFICATION NUMBER
Classification number 325.3 THO 2003
100 ## - MAIN ENTRY--PERSONAL NAME
Personal name Thompson, Gardener
9 (RLIN) 15961
245 ## - TITLE STATEMENT
Title Governing Uganda
Remainder of title : British Colonial Rule and its legacy
260 ## - PUBLICATION, DISTRIBUTION, ETC. (IMPRINT)
Place of publication, distribution, etc. Kampala
Name of publisher, distributor, etc. : Fountain publishers
Date of publication, distribution, etc. , C 2003
300 ## - PHYSICAL DESCRIPTION
Extent ix,366p.
Dimensions ; 22 cm
504 ## - BIBLIOGRAPHY, ETC. NOTE
Bibliography, etc References<br/>Index
942 ## - ADDED ENTRY ELEMENTS (KOHA)
Source of classification or shelving scheme Dewey Decimal Classification
Koha item type Book
Holdings
Withdrawn status Lost status Source of classification or shelving scheme Damaged status Not for loan Home library Current library Date acquired Source of acquisition Inventory number Total Checkouts Full call number Barcode Date last seen Price effective from Koha item type
    Dewey Decimal Classification     Faculty of Interdisciplinary Studies Library Faculty of Interdisciplinary Studies Library 24/03/2022 Purchase 11/4195   325.3 THO 2003 2022-0553 24/03/2022 24/03/2022 Book
    Dewey Decimal Classification     Faculty of Interdisciplinary Studies Library Faculty of Interdisciplinary Studies Library 24/03/2022 Purchase 11/4316   325.3 THO 2003 2022-0554 24/03/2022 24/03/2022 Book
    Dewey Decimal Classification     Faculty of Interdisciplinary Studies Library Faculty of Interdisciplinary Studies Library 24/03/2022 Purchase 11/4314   325.3 THO 2003 2022-0555 24/03/2022 24/03/2022 Book
    Dewey Decimal Classification     Faculty of Interdisciplinary Studies Library Faculty of Interdisciplinary Studies Library 24/03/2022 Purchase 11/4315   325.3 THO 2003 2022-0556 24/03/2022 24/03/2022 Book
    Dewey Decimal Classification     Faculty of Interdisciplinary Studies Library Faculty of Interdisciplinary Studies Library 24/03/2022 Purchase 11/4196   325.3 THO 2003 2022-0557 24/03/2022 24/03/2022 Book